| 000 | 01550nam a22003854a 4500 | ||
|---|---|---|---|
| 001 | ebr10270981 | ||
| 003 | CaPaEBR | ||
| 006 | m u | ||
| 007 | cr cn||||||||| | ||
| 008 | 070614s2007 ne sb 001 0 eng | ||
| 010 | _z 2007025108 | ||
| 015 |
_aGBA775916 _2bnb |
||
| 016 | 7 |
_z013951176 _2Uk |
|
| 020 | _z9789004160439 (hardback : alk. paper) | ||
| 020 | _z9004160434 (hardback : alk. paper) | ||
| 040 |
_aCaPaEBR _cCaPaEBR |
||
| 035 | _a(OCoLC)646789779 | ||
| 050 | 1 | 4 |
_aBR333.5.I85 _bF73 2007eb |
| 082 | 0 | 4 |
_a261.2/7092 _222 |
| 100 | 1 | _aFrancisco, Adam. | |
| 245 | 1 | 0 |
_aMartin Luther and Islam _h[electronic resource] : _ba study in sixteenth-century polemics and apologetics / _cby Adam S. Francisco. |
| 260 |
_aLeiden ; _aBoston : _bBrill, _c2007. |
||
| 300 | _axiii, 260 p. | ||
| 490 | 1 |
_aHistory of Christian-Muslim relations ; _vv. 8 |
|
| 504 | _aIncludes bibliographical references (p. [239]-255) and index. | ||
| 533 |
_aElectronic reproduction. _bPalo Alto, Calif. : _cebrary, _d2013. _nAvailable via World Wide Web. _nAccess may be limited to ebrary affiliated libraries. |
||
| 600 | 1 | 0 |
_aLuther, Martin, _d1483-1546. |
| 650 | 0 |
_aChristianity and other religions _xIslam. |
|
| 650 | 0 |
_aIslam _xRelations _xChristianity. |
|
| 650 | 0 | _aApologetics. | |
| 655 | 7 |
_aElectronic books. _2local |
|
| 710 | 2 | _aebrary, Inc. | |
| 830 | 0 |
_aHistory of Christian-Muslim relations ; _vv. 8. |
|
| 856 | 4 | 0 |
_uhttp://site.ebrary.com/lib/rucke/Doc?id=10270981 _zAn electronic book accessible through the World Wide Web; click to view |
| 999 |
_c7149 _d7149 |
||